| 000 | 00642nam a2200229Ia 4500 | ||
|---|---|---|---|
| 005 | 20231121095326.0 | ||
| 008 | 131103s9999 xx 000 0 und d | ||
| 020 |
_a761995730 _cRs 295 |
||
| 040 | _aLoreto College | ||
| 041 | _aEnglish | ||
| 082 |
_a323 _bSOM |
||
| 100 | _aSommer, John G. | ||
| 245 |
_aEmpowering the Oppressed _b Grassroots Advocacy Movements in India _cJohn G. Sommer |
||
| 260 |
_aNew Delhi _bSage Publications _c2001 |
||
| 300 | _a206p | ||
| 630 | _aDalits, Civil Rights, India | ||
| 630 | _aHuman Rights | ||
| 650 | _aCivil Rights | ||
| 651 | _aPoor, Civil Rights, India | ||
| 850 | _aLCLIB | ||
| 942 | _cBK | ||
| 999 |
_c7868 _d58347 |
||